00790 a2200277 4500003000500000005001700005020001500022020002300037020001800060020001800078020001800096020001800114020001800132020002600150040000900176082001000185100002100195245007500216250001500291260006400306300004400370650002700414650003100441650002900472651001100501Nust20170207165830.0 a0511602588 a0511603363 (ebook) a9780511602580 a9780511602580 a9780511602580 a9780511602580 a9780511602580 a9780511603365 (ebook) cNust04a519.51 aFreedman, David,10aStatistical models (E-BOOK)btheory and practice /cDavid A. Freedman. a[Rev. ed.] aCambridge ;aNew York :bCambridge University Press,cc2009 a1 online resource (xiv, 442 p.) :bill. 0aBootstrap (Statistics) 0aLinear models (Statistics) 0aMathematical statistics. aE-Book